PEDIATRIC CLINICS NORTH AMERICA: CASE OF THE PREMATURE INFANCE (Record no. 1141476)

MARC details
000 -LEADER
fixed length control field 00362nam a2200133Ia 4500
008 - FIXED-LENGTH DATA ELEMENTS--GENERAL INFORMATION
fixed length control field 240112s1954 AUG xx 000 0 und d
022 ## - INTERNATIONAL STANDARD SERIAL NUMBER
International Standard Serial Number 54-6097
041 ## - LANGUAGE CODE
Language code of text/sound track or separate title eng
082 ## - DEWEY DECIMAL CLASSIFICATION NUMBER
Classification number 618.92705
100 ## - MAIN ENTRY--PERSONAL NAME
Personal name ABELSON N.M.
245 ## - TITLE STATEMENT
Title PEDIATRIC CLINICS NORTH AMERICA: CASE OF THE PREMATURE INFANCE
260 ## - PUBLICATION, DISTRIBUTION, ETC.
Name of publisher, distributor, etc. SAUNDERS W.B.
Date of publication, distribution, etc. 1954 AUG
300 ## - PHYSICAL DESCRIPTION
Extent 755,HB
Dimensions AUG
Holdings
Withdrawn status Lost status Damaged status Not for loan Collection Home library Current library Date acquired Source of acquisition Total Checkouts Full call number Barcode Date last seen Price effective from Koha item type
          Medical College & Hospital, Sangli Medical College & Hospital, Sangli 16/01/2024 RESEACRCH CO.   618.92705 MCS-BV-698 16/01/2024 16/01/2024 Bound Journals